000
00481nam a2200157Ia 4500
008
100122s9999 xx 000 0 und d
082
_b
40308
_a
821
100
_a
पंडित रघुनाथ
245
_a
दमयंती-स्वयंवर
250
_a
3
260
_b
व्हीनस प्रकाशन
_c
1969
300
_a
104
630
_a
दमयंती-स्वयंवर
730
_a
दमयंती-स्वयंवर
942
_c
BOOK
999
_c
421204
_d
421201